000 00556nam a2200205Ia 4500
005 20250923150040.0
008 008 250917s9999 xx 000 0 eng d
037 _aTextual
040 _aDSWL
_beng
_cDSWL
041 _aeng
_2eng
084 _aYX,ZF, N87
_qDSWL
100 _aHadley, Rogger
_9841653
245 2 _aA community social worker's handbook
_c by Rogger Hadley
260 _aLondon
_bTavistock
_c1987
300 _a265 p.
365 _aINR
_b790
925 _g790
942 _cTEXL
_hYX,ZF, N87
999 _c1458959
_d1458959